<?xml version="1.0" encoding="UTF-8"?>
<record
    xmlns:xsi="http://www.w3.org/2001/XMLSchema-instance"
    xsi:schemaLocation="http://www.loc.gov/MARC21/slim http://www.loc.gov/standards/marcxml/schema/MARC21slim.xsd"
    xmlns="http://www.loc.gov/MARC21/slim">

  <leader>00523nam a22001577a 4500</leader>
  <controlfield tag="003">NUST</controlfield>
  <datafield tag="082" ind1=" " ind2=" ">
    <subfield code="a">200</subfield>
  </datafield>
  <datafield tag="100" ind1=" " ind2=" ">
    <subfield code="a">Innayatullah</subfield>
    <subfield code="9">98562</subfield>
  </datafield>
  <datafield tag="245" ind1=" " ind2=" ">
    <subfield code="a">Integration of ASM with event-B RODIN/</subfield>
    <subfield code="c">Innayatullah</subfield>
  </datafield>
  <datafield tag="260" ind1=" " ind2=" ">
    <subfield code="a">Islamabad</subfield>
    <subfield code="b">NUST-SEECS</subfield>
    <subfield code="c">2015</subfield>
  </datafield>
  <datafield tag="300" ind1=" " ind2=" ">
    <subfield code="a">66p.</subfield>
    <subfield code="b">ill.;</subfield>
    <subfield code="e">CD-ROM</subfield>
  </datafield>
  <datafield tag="600" ind1=" " ind2=" ">
    <subfield code="x">MS-Computer Science </subfield>
    <subfield code="9">126511</subfield>
  </datafield>
  <datafield tag="700" ind1=" " ind2=" ">
    <subfield code="a">Supervisors: Dr. Osman Hasan, Dr. Abdul Ghafoor, Dr. Sohail Iqbal, Dr. Atif Mashkoor</subfield>
    <subfield code="9">126512</subfield>
  </datafield>
  <datafield tag="856" ind1=" " ind2=" ">
    <subfield code="u">http://10.250.8.41:8080/xmlui/handle/123456789/6665</subfield>
  </datafield>
  <datafield tag="942" ind1=" " ind2=" ">
    <subfield code="c">SC</subfield>
    <subfield code="2">ddc</subfield>
  </datafield>
  <datafield tag="999" ind1=" " ind2=" ">
    <subfield code="c">13392</subfield>
    <subfield code="d">13392</subfield>
  </datafield>
  <datafield tag="952" ind1=" " ind2=" ">
    <subfield code="0">0</subfield>
    <subfield code="1">0</subfield>
    <subfield code="4">0</subfield>
    <subfield code="7">0</subfield>
    <subfield code="8">REF</subfield>
    <subfield code="a">CL</subfield>
    <subfield code="b">CL</subfield>
    <subfield code="c">REF</subfield>
    <subfield code="d">2015-12-14</subfield>
    <subfield code="l">0</subfield>
    <subfield code="o">MSCCS-4 INN</subfield>
    <subfield code="p">SEECSP01790</subfield>
    <subfield code="r">2015-12-14</subfield>
    <subfield code="w">2015-12-14</subfield>
    <subfield code="y">PR</subfield>
  </datafield>
  <datafield tag="952" ind1=" " ind2=" ">
    <subfield code="0">0</subfield>
    <subfield code="1">0</subfield>
    <subfield code="2">ddc</subfield>
    <subfield code="4">0</subfield>
    <subfield code="7">0</subfield>
    <subfield code="a">CL</subfield>
    <subfield code="b">CL</subfield>
    <subfield code="c">THE</subfield>
    <subfield code="d">2021-06-22</subfield>
    <subfield code="o">200</subfield>
    <subfield code="p">CL-T-6473</subfield>
    <subfield code="r">2021-06-22</subfield>
    <subfield code="w">2021-06-22</subfield>
    <subfield code="y">PR</subfield>
  </datafield>
</record>
